Statistiques concernant Dictionnaire hors série n°8: Napoléon Bonaparte

Cliquez ici pour prendre le quiz!

Statistiques générales

  • Ce quiz a été pris 143 fois
  • Le résultat moyen est 8 sur 10

Statistiques - réponses

DéfinitionsClasses grammaticalesMots correspondants% Correct
Souverain d'un empireNomEmpereur
98%
Grand rapace diurne, au bec crochu et aux serres puissantesNomAigle
97%
De FranceAdjectifFrançais
93%
Dont la taille est inférieur à la moyenneAdjectifPetit
91%
Consacrer par la cérémonie du sacreVerbeSacrer
83%
L'emporter par les armes sur un ennemiVerbeVaincre
83%
Expulsion de quelqu'un hors de sa patrie, avec défense d'y rentrerNomExil
82%
Qui a remporté une victoireAdjectifVictorieux
66%
Se battre contre, faire la guerre à quelqu'unVerbeCombattre
55%
Ancienne pièce d'or à l'effigie de NapoléonNomNapoléon
53%

Distribution des résultats

Percentile par nombre de réponses

% des personnes avec chaque résultat

Votre développement - résultats

Vous n’avez pas pris ce quiz